| 000 | 01164nam a22002777a 4500 | ||
|---|---|---|---|
| 003 | 0 | ||
| 005 | 20251020144618.0 | ||
| 008 | 251020b xxu||||| |||| 00| 0 eng d | ||
| 020 | _a978-1-58542-433-7 | ||
| 050 |
_aHF 5386 _b.H57 2005 |
||
| 100 |
_aHill, Napoleon, _d1883-1970, _eauthor. |
||
| 245 |
_aThink and grow rich / _cNapoleon Hill ; revised and expanded by Arthur R. Pell. |
||
| 250 | _aRevised and expanded edition. | ||
| 260 |
_aNew York : _bJeremy P. Tarcher/Penguin, _c2005. |
||
| 300 |
_axv, 302 pages ; _c18 cm. |
||
| 500 | _a"Revised and expanded by Arthur R. Pell, Ph.D., incorporating contemporary examples and insights." | ||
| 504 | _aIncludes bibliographical references | ||
| 520 | _aA modernized edition of Napoleon Hill’s classic work on personal achievement, incorporating contemporary examples and commentary by Arthur R. Pell. | ||
| 650 |
_aSuccess _xPsychological aspects. |
||
| 650 |
_aAchievement _xPsychological aspects. |
||
| 650 | _aSelf-actualization (Psychology). | ||
| 650 | _aSelf-help techniques. | ||
| 700 |
_aPell, Arthur R., _eeditor. |
||
| 710 |
_aJeremy P. Tarcher/Penguin, _epublisher. |
||
| 942 |
_2lcc _cBK |
||
| 999 |
_c368292 _d368292 |
||